| 000 | 00890na a2200289 4500 | ||
|---|---|---|---|
| 001 | 21794 | ||
| 003 | MIRAKIL | ||
| 005 | 20181213155146.0 | ||
| 008 | 170207b tu 000 0 | ||
| 020 | _a9751712408 | ||
| 040 |
_aMilas _btur _cTR-AnCHP |
||
| 041 | _atur | ||
| 082 |
_a956.543 _bK16m 1993 |
||
| 090 | _a956.543 K16m 1993 | ||
| 100 | _aKars, Zübeyir | ||
| 245 |
_aMilli mücadelede Kayseri _bZübeyir Kars |
||
| 246 | _aKurtuluş savaşında Kayseri | ||
| 260 |
_aAnkara _bKültür Bakanlığı Yayınları _c1993 |
||
| 300 |
_a162 s. _bfotg. ; hrt. _c19 sm. |
||
| 490 |
_aBaşvuru Eserleri dizisi _l7 |
||
| 490 |
_aKültür Bakanlığı Yayınları _v1469 |
||
| 500 | _aEserde Osmanlıca metinlerin görselleri yer almaktadır. | ||
| 504 | _aKaynakça var. | ||
| 650 |
_aMilli Mücadele Dönemi _zTürkiye |
||
| 651 |
_aTürkiye _xTarih _zKayseri |
||
| 942 |
_2ddc _cBKS |
||
| 999 |
_c7660 _d7660 |
||